Comentarios a la Ley de propiedad horizontal

Bibliographic Details
Corporate Author: Espaą
Other Authors: Bercovitz Rodrg̕uez Cano, Rodrigo (coord.), ℓlvarez Olalla, Mara̕ Pilar (coaut.)
Format: Unknown
Language:Spanish
Published: Elcano (Navarra) : Aranzadi, 2009
Subjects:
Online Access:Acceso restringido

MARC

LEADER 00000ny a22000003n 4500
005 20110614142128.0
008 050627s2007 sp 001 0 spa d
017 |a D.L.NA3405-07 
020 |a 9788483554166 
035 |a 4618 
040 |a BUS  |d vLex 
080 |a 347.238.31(460)(094.5.072) 
090 |c 1061  |d 1061 
245 0 0 |a Comentarios a la Ley de propiedad horizontal  |h [Recurso electrn̤ico]  |c Rodrigo Bercovitz Rodrg̕uez-Cano (coordinador) ; autores, Pilar Alvarez Olalla... [et al.] 
256 |a Servicio en ln̕ea 
260 |a Elcano (Navarra) :  |b Aranzadi,  |c 2009 
300 |a v. 
506 1 |a Contenido solo disponible en los productos indicados  |d vLex Global  |d vLex Global (Academic Edition, excluding Law Schools)  |d vLex Global (U.S. Academic Edition, Law Schools)  |d vLex Global (U.S. Academic Edition, excluding Law Schools)  |d vLex Global (Academic Edition, Law Schools) 
650 0 7 |a Propiedad horizontal  |2 Tesauro vLex 
700 1 |a Bercovitz Rodrg̕uez Cano, Rodrigo,  |e coord. 
700 1 |a ℓlvarez Olalla, Mara̕ Pilar  |e coaut. 
710 1 |a Espaą.  |t Ley sobre la propiedad horizontal, 1999 
740 0 |a vLex Libros (Servicios en ln̕ea) 
856 4 0 |u http://vlex.com/source/4618  |z Acceso restringido 
942 |c BOOK